书目信息 |
| 题名: |
道德情操论
|
|
| 作者: | 斯密 著 ;胡乃波 编译 | |
| 分册: | ||
| 出版信息: | 北京 华龄出版社 2018 |
|
| 页数: | 247页 | |
| 开本: | 21cm | |
| 丛书名: | ||
| 单 册: | ||
| 中图分类: | B82-095.61 | |
| 科图分类: | ||
| 主题词: | 伦理学--lun li xue--思想史--英国 | |
| 电子资源: | ||
| ISBN: | 978-7-5169-1006-1 | |
| 000 | 01018nam0 2200265 450 | |
| 001 | 012001003136 | |
| 005 | 20131025101751.0 | |
| 010 | @a978-7-5169-1006-1@dCNY36.00 | |
| 099 | @aCAL 012019021786 | |
| 100 | @a20181122d2018 em y0chiy50 ea | |
| 101 | 1 | @achi@ceng |
| 102 | @aCN@b110000 | |
| 105 | @ay z 000yy | |
| 106 | @ar | |
| 200 | 1 | @a道德情操论@Adao de qing cao lun@d= The theory of moral sentiments@f(英) 亚当·斯密著@g胡乃波编译@zeng |
| 210 | @a北京@c华龄出版社@d2018 | |
| 215 | @a247页@d21cm | |
| 330 | @a本书中亚当·斯密以人类天性中的同情原理为出发点阐述了正义、慈善、仁德、自制、热情等高尚的道德品性产生,继而影响他人的根源,以从容且具说服力的语言揭示了人与社会、人与人应遵循的基本的道德准则。 | |
| 500 | 10 | @aTheory of moral sentiments@mChinese |
| 606 | 0 | @a伦理学@Alun li xue@x思想史@y英国 |
| 690 | @aB82-095.61@v5 | |
| 701 | 1 | @a斯密@Asi mi@g(Smith, Adam),@f1723-1790@4著 |
| 702 | 0 | @a胡乃波@Ahu nai bo@4编译 |
| 801 | 0 | @aCN@b江苏凤凰@c20191020 |
| 905 | @b1226215-8@dB82-095.61@e1511@f4 | |
| 道德情操论= The theory of moral sentiments/(英) 亚当·斯密著/胡乃波编译.-北京:华龄出版社,2018 |
| 247页;21cm |
| ISBN 978-7-5169-1006-1:CNY36.00 |
| 本书中亚当·斯密以人类天性中的同情原理为出发点阐述了正义、慈善、仁德、自制、热情等高尚的道德品性产生,继而影响他人的根源,以从容且具说服力的语言揭示了人与社会、人与人应遵循的基本的道德准则。 |
| ● |
| 相关链接 |
|
|
|
|
正题名:道德情操论
索取号:B82-095.61/1511
 
预约/预借
| 序号 | 登录号 | 条形码 | 馆藏地/架位号 | 状态 | 备注 |
| 1 | 1226215 | 212262157 | 第一样本阅览室/ [索取号:B82-095.61/1511] | 在馆 | |
| 2 | 1226216 | 212262166 | 教育系资料室/ [索取号:B82-095.61/1511] | 在馆 | |
| 3 | 1226217 | 212262175 | 教育系资料室/ [索取号:B82-095.61/1511] | 在馆 | |
| 4 | 1226218 | 212262184 | 第一借阅区/ [索取号:B82-095.61/1511] | 在馆 |